000 00411 a2200157 4500
001 177223
020 _a
040 _cMagnum
100 _aChiavenato, Julio Jose
240 1 0 _aAs lutas do povo brasileiro: do "descobrimento" a canudos
_lpor
245 1 0 _aAs lutas do povo brasileiro: do "descobrimento" a canudos
362 0 _a1899
440 1 _aModerna
697 _aMAGNITO: PARADIDATICO
942 _cBK
999 _c177223
_d177223